Представление документа в формате MARC21

Поле Инд. ПП Название Значение
Тип записи a
Библиографический уровень b
001 Контрольный номер 384c90eb1bb1493a840291df4dd838cb
005 Дата корректировки 20220426161913.1
024 80 a Стандартный номер 10.1134/S0032180X19100162
040 a Служба первич. каталог. РИНЦ
041 0_ a Код языка текста rus
097 a Ануфриева Г.Ю.
100 1_ a Автор Цветнов Е. В.
100 1_ a Автор Марахова Н. А.
100 1_ q Полное имя Макаров Олег Анатольевич
g Прочие сведения РИНЦ AuthorID: 131155 (http://elibrary.ru/author_profile.asp?id= 131155); SPIN-код: 3281-3753 (http://elibrary.ru/author_items.asp?authorid=131155); ResearcherID: B-4110-2013 (http://www.researcherid.com/rid/B-4110-2013)
a Автор Макаров О. А.
u Дополнение Макаров О. А.
c Титул (звания) профессор (ученое звание); доктор биологических наук; профессор (должность)
i 000090738
k Кафедра экологии и наук о земле; Факультет естественных и инженерных наук
100 1_ a Автор Строков А. С.
100 1_ a Автор Абдулханова Д. Р.
245 10 a Заглавие Апробации подхода к определению общественной ценности земель в качестве основы для проведения эколого-экономической оценки ущерба от их деградации
773 18 t Название источника Почвоведение
c Москва
d Место и дата издания 2019
m Специф. данные входит в ядро РИНЦ;журнал из перечня ВАК;входит в базу данных RSCI; ненулевой импакт-фактор;
x ISSN 0032-180X
g Прочая информация № 10. - С. 1269 - 1277
w Контрольный № источника c52237387e86493f96bff4f29eff6d39
b Сведения об издании Наука
856 40 u URL https://elibrary.ru/item.asp?id=39324177
901 t Тип документа b
952 c Вид литературы статья в журнале